[Event "Madrid ch - Semifinal A"]
[Site "Madrid ESP"]
[Date "2011.01.19"]
[Round "3.16"]
[White "Camarero Izquierdo, Juan C"]
[Black "Garcia Martin, Juan Manuel"]
[Result "0-1"]
[WhiteElo "1939"]
[BlackElo "1903"]
[PlyCount "48"]
[EventDate "2011.01.17"]
[EventType "swiss"]
[EventRounds "9"]
[EventCountry "ESP"]
[Source "lmi"]
[SourceDate "2011.01.17"]

1. e4 d5 2. e5 Bf5 3. d4 e6 4. h4 h6 5. g4 Bh7 6. Bd3 Bxd3 7. Qxd3 c5 8. Be3
cxd4 9. Bxd4 Nc6 10. Nc3 Bb4 11. Nge2 Nge7 12. O-O-O Bxc3 13. Nxc3 Nxd4 14.
Qxd4 Nc6 15. Qe3 Qa5 16. Qe2 a6 17. f4 Rc8 18. f5 Nb4 19. fxe6 Rxc3 20. exf7+
Ke7 21. bxc3 Nxa2+ 22. Kb2 Nxc3 23. Qd2 Qb4+ 24. Ka1 Qa3# 0-1

[Event "Madrid ch - Semifinal A"]
[Site "Madrid ESP"]
[Date "2011.01.19"]
[Round "3.17"]
[White "Perez Del Amo, Jorge"]
[Black "Lozano Sanchez, Jose Antonio"]
[Result "1-0"]
[WhiteElo "1854"]
[BlackElo "1918"]
[PlyCount "83"]
[EventDate "2011.01.17"]
[EventType "swiss"]
[EventRounds "9"]
[EventCountry "ESP"]
[Source "lmi"]
[SourceDate "2011.01.17"]

1. d4 d5 2. Nf3 Nf6 3. e3 Bf5 4. Bd3 Ne4 5. Nh4 Bd7 6. Nf3 Bf5 7. Nh4 Bc8 8.
Nf3 Nd7 9. Nbd2 Ndf6 10. Ne5 e6 11. Nxe4 dxe4 12. Be2 Bd6 13. O-O Bxe5 14. dxe5
Qxd1 15. Rxd1 Nd7 16. b3 b6 17. Bb5 c5 18. Bc6 Rb8 19. Bxe4 Nxe5 20. Bb2 f6 21.
Bxe5 fxe5 22. Bc6+ Ke7 23. Rd2 Rd8 24. Rad1 Rxd2 25. Rxd2 a5 26. c4 Ba6 27.
Rd7+ Kf6 28. a4 h6 29. f3 Rc8 30. Be4 Re8 31. Kf2 Re7 32. Rd6 Bb7 33. Rxb6 Bxe4
34. fxe4 Rd7 35. Ke2 Kg5 36. Rb5 Kg4 37. Rxc5 h5 38. Rxa5 Rf7 39. Rxe5 h4 40.
a5 h3 41. g3 Rf3 42. Rg5+ 1-0

[Event "Madrid ch - Semifinal A"]
[Site "Madrid ESP"]
[Date "2011.01.24"]
[Round "4.1"]
[White "Pastor Alonso De Prado, Emilio A"]
[Black "Perez Gonzalez, Jose Manuel"]
[Result "1/2-1/2"]
[WhiteElo "2176"]
[BlackElo "2279"]
[PlyCount "46"]
[EventDate "2011.01.17"]
[EventType "swiss"]
[EventRounds "9"]
[EventCountry "ESP"]
[Source "lmi"]
[SourceDate "2011.01.17"]

1. e4 c5 2. c3 d5 3. exd5 Qxd5 4. d4 g6 5. Be3 cxd4 6. Nf3 Bg7 7. Bxd4 Nf6 8.
Na3 Nc6 9. Bb5 Bg4 10. Bxf6 Qxd1+ 11. Rxd1 Bxf6 12. Ke2 O-O 13. h3 Be6 14. Bc4
Bxc4+ 15. Nxc4 Rfd8 16. a4 Kf8 17. Rd3 Rxd3 18. Kxd3 Rd8+ 19. Kc2 Rc8 20. Nfd2
Ne5 21. Ne3 Bg5 22. Re1 Nc6 23. Ne4 Bxe3 1/2-1/2

[Event "Madrid ch - Semifinal A"]
[Site "Madrid ESP"]
[Date "2011.01.24"]
[Round "4.2"]
[White "Gemy, Jose Daniel"]
[Black "Spitzer Isbert, Ramon"]
[Result "1-0"]
[WhiteElo "2301"]
[BlackElo "2082"]
[PlyCount "105"]
[EventDate "2011.01.17"]
[EventType "swiss"]
[EventRounds "9"]
[EventCountry "ESP"]
[Source "lmi"]
[SourceDate "2011.01.17"]

1. d4 Nf6 2. Nf3 d6 3. e3 Bg4 4. h3 Bh5 5. Be2 Nbd7 6. b4 a5 7. b5 e5 8. c4
exd4 9. exd4 Be7 10. O-O O-O 11. Nc3 Re8 12. g4 Bg6 13. Nd2 Bf8 14. f4 Re3 15.
Rf3 Rxc3 16. Rxc3 Ne4 17. Re3 d5 18. cxd5 Qh4 19. Nxe4 Bxe4 20. Rxe4 Qg3+ 21.
Kf1 Qxh3+ 22. Kf2 Qh2+ 23. Ke3 Nf6 24. Re5 Qg3+ 25. Kd2 c6 26. dxc6 bxc6 27.
Kc2 Nd5 28. Rxd5 cxd5 29. Qd3 Qe1 30. a3 Rc8+ 31. Kb2 Bxa3+ 32. Kxa3 Rc3+ 33.
Kb2 Rxd3 34. Bxd3 Qb4+ 35. Kc2 a4 36. Ba3 Qb3+ 37. Kd2 g6 38. g5 f6 39. gxf6
Kf7 40. Ke3 Qc3 41. Ra2 Qb3 42. Ra1 Qc3 43. Rb1 Qxa3 44. b6 Qd6 45. b7 Qb8 46.
Bb5 a3 47. Bc6 Kxf6 48. Bxd5 a2 49. Rb6+ Ke7 50. Bxa2 Kd7 51. Bd5 Kc7 52. Rc6+
Kxb7 53. Rc2+ 1-0

[Event "Madrid ch - Semifinal A"]
[Site "Madrid ESP"]
[Date "2011.01.24"]
[Round "4.3"]
[White "Ramirez Garcia, Jorge Alberto"]
[Black "De La Fuente Gonzalez, Francisco"]
[Result "1/2-1/2"]
[WhiteElo "2255"]
[BlackElo "2230"]
[PlyCount "56"]
[EventDate "2011.01.17"]
[EventType "swiss"]
[EventRounds "9"]
[EventCountry "ESP"]
[Source "lmi"]
[SourceDate "2011.01.17"]

1. e4 e5 2. Nf3 Nf6 3. d4 Nxe4 4. Bd3 d5 5. Nxe5 Nd7 6. Nxd7 Bxd7 7. O-O Bd6 8.
c4 c6 9. cxd5 cxd5 10. Nc3 Nxc3 11. bxc3 O-O 12. Qh5 f5 13. Qf3 Kh8 14. Bf4
Bxf4 15. Qxf4 Rc8 16. Rac1 Qc7 17. Qf3 Qd6 18. Rfe1 Rce8 19. Qg3 Qxg3 20. hxg3
g6 21. f4 Rxe1+ 22. Rxe1 Kg7 23. Bc2 Kf6 24. Bb3 Be6 25. Kf2 Rd8 26. Ke3 Ke7
27. Kd3 Kd6 28. Kc2 Rc8 1/2-1/2

[Event "Madrid ch - Semifinal A"]
[Site "Madrid ESP"]
[Date "2011.01.24"]
[Round "4.4"]
[White "Rodriguez De Castro, Ayar"]
[Black "Mansilla Tolosa, Luis"]
[Result "1/2-1/2"]
[WhiteElo "2103"]
[BlackElo "2081"]
[PlyCount "117"]
[EventDate "2011.01.17"]
[EventType "swiss"]
[EventRounds "9"]
[EventCountry "ESP"]
[Source "lmi"]
[SourceDate "2011.01.17"]

1. d4 d5 2. c4 e6 3. Nf3 f5 4. cxd5 exd5 5. Bg5 Nf6 6. Nc3 c6 7. g3 Bd6 8. Bg2
O-O 9. O-O Qb6 10. Bxf6 Rxf6 11. e3 Qxb2 12. Rc1 Nd7 13. Ng5 Rg6 14. f4 Nf6 15.
Rf2 Qb6 16. Rfc2 Qd8 17. Bf3 h6 18. Nh3 Be6 19. Nf2 Bf7 20. Nd3 Ne4 21. Bh5 Re6
22. Bxf7+ Kxf7 23. Qh5+ g6 24. Qxh6 Qh8 25. Qxh8 Rxh8 26. Ne5+ Bxe5 27. dxe5
Nxc3 28. Rxc3 g5 29. Ra3 gxf4 30. exf4 Ra8 31. Kg2 b6 32. h3 c5 33. g4 Kg6 34.
Kf3 Rh8 35. Rh1 Re7 36. Kg3 Rg7 37. Rh2 d4 38. Rd3 Rd8 39. Rc2 Rc7 40. a4 c4
41. Rdd2 a6 42. h4 d3 43. h5+ Kh7 44. Rc3 b5 45. axb5 axb5 46. e6 Rg8 47. Rdxd3
Rxg4+ 48. Kf3 Rgg7 49. Rd6 Rce7 50. Rb6 Kh6 51. Rxb5 Rxe6 52. Rxf5 Rc7 53. Rd5
Rb6 54. Ke4 Re6+ 55. Re5 Rd6 56. Rd5 Re6+ 57. Kd4 Rf7 58. f5 Ref6 59. Rxc4
1/2-1/2

[Event "Madrid ch - Semifinal A"]
[Site "Madrid ESP"]
[Date "2011.01.24"]
[Round "4.5"]
[White "Cortes Jurado, Rafael"]
[Black "Vukotic Jovsic, Dragan"]
[Result "1-0"]
[WhiteElo "2081"]
[BlackElo "1960"]
[PlyCount "95"]
[EventDate "2011.01.17"]
[EventType "swiss"]
[EventRounds "9"]
[EventCountry "ESP"]
[Source "lmi"]
[SourceDate "2011.01.17"]

1. d4 Nf6 2. Nf3 e6 3. c4 Bb4+ 4. Nbd2 b6 5. g3 Ba6 6. Qc2 c5 7. Bg2 Bb7 8.
dxc5 bxc5 9. O-O O-O 10. e4 d6 11. Ng5 h6 12. e5 Bxg2 13. exf6 hxg5 14. fxg7
Kxg7 15. Kxg2 Nc6 16. Ne4 Nd4 17. Qd1 f6 18. a3 Ba5 19. f4 Qd7 20. fxg5 f5 21.
Nf6 Qb7+ 22. Kg1 Rh8 23. b4 cxb4 24. Bb2 Rxh2 25. Kxh2 Rh8+ 26. Nh5+ Kg6 27. g4
fxg4 28. Qd3+ Kxh5 29. Qxd4 e5 30. Qd5 Kxg5+ 31. Kg2 Rh2+ 32. Kxh2 Qh7+ 33. Kg1
Bb6+ 34. Rf2 Bxf2+ 35. Kf1 Be3 36. Ke2 Bf4 37. Qd3 Qh2+ 38. Kd1 Qxb2 39. Rb1
Qxa3 40. Qxa3 bxa3 41. Ra1 Be3 42. Rxa3 Kf4 43. Ke2 g3 44. Rxe3 g2 45. Rf3+ Kg4
46. Rf8 e4 47. Rg8+ Kh3 48. Kf2 1-0

[Event "Madrid ch - Semifinal A"]
[Site "Madrid ESP"]
[Date "2011.01.24"]
[Round "4.6"]
[White "Quintero Torres, Pedro"]
[Black "Cabanas Bravo, Juan Andres"]
[Result "0-1"]
[WhiteElo "1968"]
[BlackElo "2059"]
[PlyCount "102"]
[EventDate "2011.01.17"]
[EventType "swiss"]
[EventRounds "9"]
[EventCountry "ESP"]
[Source "lmi"]
[SourceDate "2011.01.17"]

1. d4 Nf6 2. c4 g6 3. Nc3 d5 4. cxd5 Nxd5 5. e4 Nxc3 6. bxc3 c5 7. Be3 Bg7 8.
Qd2 Qa5 9. Rc1 cxd4 10. cxd4 Qxd2+ 11. Kxd2 O-O 12. Nf3 Rd8 13. Bb5 a6 14. Ba4
Bg4 15. d5 Bxf3 16. gxf3 b5 17. Bb3 Nd7 18. f4 Nf6 19. f3 e6 20. Bd4 Nxe4+ 21.
fxe4 Bxd4 22. Rc6 exd5 23. Bxd5 Ra7 24. h4 Kg7 25. h5 Bb2 26. h6+ Kf8 27. Kc2
Ba3 28. Rh3 Bd6 29. Rf3 Rc7 30. Rxc7 Bxc7 31. Ra3 a5 32. Rb3 b4 33. a3 Bd6 34.
axb4 axb4 35. Rf3 f6 36. Kb3 Be7 37. Rf2 f5 38. Rc2 fxe4 39. Bxe4 Rd4 40. Re2
Kf7 41. f5 g5 42. f6 Kxf6 43. Bxh7 Rh4 44. Bg8 Rxh6 45. Re6+ Kg7 46. Rxe7+ Kxg8
47. Kxb4 g4 48. Kc3 g3 49. Re5 Kg7 50. Kd2 g2 51. Re1 Rh1 0-1

[Event "Madrid ch - Semifinal A"]
[Site "Madrid ESP"]
[Date "2011.01.24"]
[Round "4.8"]
[White "Galan Aguado, Fernando"]
[Black "Alvarez Abejon, Amilcar"]
[Result "0-1"]
[WhiteElo "1841"]
[BlackElo "2094"]
[PlyCount "62"]
[EventDate "2011.01.17"]
[EventType "swiss"]
[EventRounds "9"]
[EventCountry "ESP"]
[Source "lmi"]
[SourceDate "2011.01.17"]

1. d4 e6 2. Nf3 f5 3. Bg5 Be7 4. Bxe7 Qxe7 5. c3 Nf6 6. g3 O-O 7. Bg2 d5 8.
Nbd2 c5 9. e3 Nc6 10. O-O e5 11. Nxe5 Nxe5 12. dxe5 Qxe5 13. Nb3 b6 14. a4 a5
15. Nd2 Ne4 16. Nf3 Qd6 17. Qc2 Bb7 18. Rfd1 Qe7 19. Rd3 Kh8 20. Rad1 Nf6 21.
Nh4 g6 22. Bf3 Rfe8 23. c4 dxc4 24. Rd6 Bxf3 25. Nxf3 Rad8 26. Rxd8 Rxd8 27.
Rxd8+ Qxd8 28. Qxc4 Qd1+ 29. Kg2 Ne4 30. Qf7 Qxf3+ 31. Kg1 Qxf2+ 0-1

[Event "Madrid ch - Semifinal A"]
[Site "Madrid ESP"]
[Date "2011.01.24"]
[Round "4.9"]
[White "Lopez De Turiso, Jose Angel"]
[Black "Baeza Escudero, Javier"]
[Result "0-1"]
[WhiteElo "2064"]
[BlackElo "1984"]
[PlyCount "122"]
[EventDate "2011.01.17"]
[EventType "swiss"]
[EventRounds "9"]
[EventCountry "ESP"]
[Source "lmi"]
[SourceDate "2011.01.17"]

1. d4 d5 2. c4 e6 3. Nc3 Nf6 4. Nf3 Be7 5. Bg5 O-O 6. e3 h6 7. Bxf6 Bxf6 8.
cxd5 exd5 9. Bd3 Be6 10. Qc2 Nd7 11. h3 c5 12. O-O Rc8 13. Rac1 a6 14. Qe2 b5
15. a3 Qb6 16. Bb1 Rfe8 17. Qd3 g6 18. Ne2 Bf5 19. Qd2 Bxb1 20. Rxb1 c4 21. Nf4
Qc6 22. Ne1 Bg7 23. Nc2 Nf6 24. Nb4 Qb7 25. Na2 Ra8 26. Qa5 Bf8 27. Rfe1 Be7
28. f3 Bd6 29. g4 Qb8 30. Qd2 g5 31. Nh5 Nxh5 32. gxh5 Bg3 33. Re2 Qc8 34. Kg2
Bd6 35. Nc3 Qc6 36. Qc2 Rad8 37. Qf5 Bc7 38. Rg1 Re6 39. h4 Rf6 40. Qg4 Kh8 41.
hxg5 hxg5 42. Kf1 Rg8 43. Ke1 a5 44. Reg2 b4 45. axb4 axb4 46. Ne2 c3 47. bxc3
bxc3 48. Kf2 c2 49. Qh3 Re6 50. f4 f6 51. fxg5 fxg5 52. Rxg5 Rf6+ 53. Nf4 Rff8
54. Rxg8+ Rxg8 55. Ng6+ Kh7 56. Qf5 Kh6 57. Qg5+ Kh7 58. Nf8+ Rxf8+ 59. Ke2
Qc4+ 60. Kd2 c1=Q+ 61. Rxc1 Rf2+ 0-1

[Event "Madrid ch - Semifinal A"]
[Site "Madrid ESP"]
[Date "2011.01.24"]
[Round "4.10"]
[White "Monge Gilgado, Eva Maria"]
[Black "Lorenzo Bailador, Alfredo"]
[Result "0-1"]
[WhiteElo "1832"]
[BlackElo "2018"]
[PlyCount "38"]
[EventDate "2011.01.17"]
[EventType "swiss"]
[EventRounds "9"]
[EventCountry "ESP"]
[Source "lmi"]
[SourceDate "2011.01.17"]

1. e4 e5 2. Bc4 Nf6 3. d3 Bc5 4. Nf3 d6 5. c3 Nc6 6. Bb3 Be6 7. Bc2 h6 8. O-O
Bb6 9. Be3 O-O 10. Nbd2 d5 11. Bxb6 axb6 12. exd5 Nxd5 13. a3 Nf4 14. Ne4 Bg4
15. Re1 Re8 16. Ng3 Qd5 17. c4 Qd7 18. Qd2 Bxf3 19. gxf3 Qh3 0-1

[Event "Madrid ch - Semifinal A"]
[Site "Madrid ESP"]
[Date "2011.01.24"]
[Round "4.11"]
[White "Rodriguez Vignote, Javier"]
[Black "Rojas Pozo, Jose Luis"]
[Result "0-1"]
[WhiteElo "1918"]
[BlackElo "1946"]
[PlyCount "120"]
[EventDate "2011.01.17"]
[EventType "swiss"]
[EventRounds "9"]
[EventCountry "ESP"]
[Source "lmi"]
[SourceDate "2011.01.17"]

1. d4 d5 2. c4 c6 3. Nf3 Nf6 4. Nc3 e6 5. e3 Nbd7 6. Qc2 Bd6 7. Bd3 O-O 8. O-O
dxc4 9. Bxc4 e5 10. Rd1 Qe7 11. Ng5 Nb6 12. Bb3 h6 13. dxe5 Bxe5 14. Nge4 Nxe4
15. Qxe4 Re8 16. Bc2 g6 17. Qf3 Be6 18. Bd2 Nc4 19. Rab1 Nxd2 20. Rxd2 Bxc3 21.
bxc3 Bxa2 22. Rbd1 Be6 23. Qf4 Kg7 24. Rd6 Qf6 25. Qb4 Rad8 26. R6d4 Rxd4 27.
cxd4 Qe7 28. Qb2 Kh7 29. Rb1 b6 30. Rc1 Qg5 31. Be4 Bd5 32. Bxd5 Qxd5 33. Qa3
a5 34. Qd3 a4 35. Qa6 Qb3 36. Ra1 b5 37. Qxc6 Qb2 38. Rf1 Re6 39. Qb7 Kg7 40.
d5 Rd6 41. f4 a3 42. f5 gxf5 43. Rxf5 Rf6 44. Rxf6 Kxf6 45. d6 a2 46. Qf3+ Ke6
47. Qh3+ Kxd6 48. Qxh6+ f6 49. Qf8+ Kd5 50. Qa8+ Kc4 51. Qc6+ Kd3 52. Qd5+ Kc2
53. Qf5+ Kd2 54. Qf2+ Kc1 55. Qe1+ Kc2 56. Qe2+ Kc3 57. Qe1+ Qd2 58. Qa1+ Kb3
59. h3 Ka3 60. e4 Qb2 0-1

[Event "Madrid ch - Semifinal A"]
[Site "Madrid ESP"]
[Date "2011.01.24"]
[Round "4.14"]
[White "Garcia Martin, Juan Manuel"]
[Black "Beekhof Harmsen, Willen"]
[Result "1-0"]
[WhiteElo "1903"]
[BlackElo "1835"]
[PlyCount "69"]
[EventDate "2011.01.17"]
[EventType "swiss"]
[EventRounds "9"]
[EventCountry "ESP"]
[Source "lmi"]
[SourceDate "2011.01.17"]

1. d4 f5 2. Bg5 g6 3. c3 Bg7 4. Nf3 Nf6 5. Bxf6 Bxf6 6. g3 d5 7. Ne5 O-O 8. Bg2
Nd7 9. Bxd5+ Kg7 10. Nxd7 Qxd7 11. Bg2 a5 12. Nd2 Ra6 13. O-O a4 14. e4 e5 15.
dxe5 Bxe5 16. Nc4 Bf6 17. Qxd7+ Bxd7 18. e5 Be7 19. Rfd1 Be6 20. Bd5 Kf7 21. f4
b5 22. Ne3 Bc5 23. Kf2 Ke7 24. a3 Rd8 25. Bxe6 Rxd1 26. Rxd1 Kxe6 27. Ke2 c6
28. Nc2 Ra7 29. Nd4+ Bxd4 30. Rxd4 Rd7 31. Rxd7 Kxd7 32. c4 h6 33. cxb5 cxb5
34. Kd3 Kc6 35. Kd4 1-0

[Event "Madrid ch - Semifinal A"]
[Site "Madrid ESP"]
[Date "2011.01.24"]
[Round "4.15"]
[White "Ruiz Quevedo, Andres"]
[Black "Perez Del Amo, Jorge"]
[Result "1-0"]
[WhiteElo "1950"]
[BlackElo "1854"]
[PlyCount "117"]
[EventDate "2011.01.17"]
[EventType "swiss"]
[EventRounds "9"]
[EventCountry "ESP"]
[Source "lmi"]
[SourceDate "2011.01.17"]

1. Nf3 Nf6 2. c4 e6 3. g3 d5 4. Bg2 c5 5. O-O Nc6 6. cxd5 exd5 7. d4 b6 8. Nc3
Be7 9. Bg5 O-O 10. dxc5 bxc5 11. Bxf6 Bxf6 12. Nxd5 Bxb2 13. Rb1 Rb8 14. Nd2
Be6 15. Nc4 Bf6 16. Rxb8 Nxb8 17. Nxf6+ Qxf6 18. Qa4 a6 19. Rc1 Bd7 20. Qa5 Qd4
21. e3 Qd3 22. Ne5 Qd6 23. Qxc5 Qxc5 24. Rxc5 Bb5 25. Bf1 Bxf1 26. Kxf1 f6 27.
Nc6 Kf7 28. Nd4 Rd8 29. Ke2 g6 30. Nc6 Nxc6 31. Rxc6 a5 32. a4 Rd5 33. Rc7+ Ke6
34. Rxh7 Kd6 35. Rh4 Ke5 36. Rc4 Ke6 37. h4 f5 38. f3 Kf6 39. Rc6+ Kf7 40. e4
fxe4 41. fxe4 Rd4 42. Kf3 Rxa4 43. g4 Ra1 44. Kf4 a4 45. Kg5 a3 46. Rc7+ Ke6
47. Kxg6 Ke5 48. Ra7 Kxe4 49. h5 Kf4 50. Ra4+ Kg3 51. g5 a2 52. h6 Rb1 53. Rxa2
Rb6+ 54. Kh5 Kf4 55. Rf2+ Ke5 56. g6 Rb5 57. h7 Ke6+ 58. Kh6 Rb8 59. g7 1-0

[Event "Madrid ch - Semifinal A"]
[Site "Madrid ESP"]
[Date "2011.01.24"]
[Round "4.16"]
[White "Martin-Consuegra Barrilero, Javi"]
[Black "Perez Cameselle, Francisco"]
[Result "0-1"]
[WhiteElo "1906"]
[BlackElo "1904"]
[PlyCount "58"]
[EventDate "2011.01.17"]
[EventType "swiss"]
[EventRounds "9"]
[EventCountry "ESP"]
[Source "lmi"]
[SourceDate "2011.01.17"]

1. d4 g6 2. c4 Nf6 3. Bf4 c5 4. d5 b5 5. e3 d6 6. h3 Bg7 7. Nc3 b4 8. Nce2 Nh5
9. Qd2 Nxf4 10. Nxf4 O-O 11. Bd3 e6 12. Nf3 Qe7 13. dxe6 Bb7 14. Nd5 Bxd5 15.
cxd5 fxe6 16. dxe6 d5 17. Bxg6 hxg6 18. Qxd5 Na6 19. O-O-O Nc7 20. Qc6 Qxe6 21.
Qxc7 Qxa2 22. Ne5 Qa1+ 23. Kc2 Rxf2+ 24. Kd3 Qxb2 25. Ke4 Qc2+ 26. Nd3 Re8+ 27.
Kd5 Rf5+ 28. Kc6 Qa4+ 29. Kd6 Bf8+ 0-1

[Event "Madrid ch - Semifinal A"]
[Site "Madrid ESP"]
[Date "2011.01.24"]
[Round "4.17"]
[White "Lopez Heras, Arturo"]
[Black "Camarero Izquierdo, Juan C"]
[Result "1-0"]
[WhiteElo "2021"]
[BlackElo "1939"]
[PlyCount "97"]
[EventDate "2011.01.17"]
[EventType "swiss"]
[EventRounds "9"]
[EventCountry "ESP"]
[Source "lmi"]
[SourceDate "2011.01.17"]

1. e4 c5 2. Nf3 d6 3. d4 cxd4 4. Nxd4 Nf6 5. Nc3 g6 6. Be3 Bg7 7. f3 O-O 8. Qd2
Nc6 9. Bc4 Bd7 10. O-O-O Nxd4 11. Bxd4 Rc8 12. Bb3 b5 13. Kb1 a5 14. e5 dxe5
15. Bxe5 Bc6 16. Qe3 Qe8 17. Rhe1 a4 18. Bd5 b4 19. Bxf6 Bxf6 20. Ne4 Bg7 21.
g4 e6 22. Nd6 Qd8 23. Nxc8 Bxd5 24. Nb6 Qf6 25. Nxa4 g5 26. c3 Ra8 27. Rd2 Rxa4
28. Rxd5 bxc3 29. bxc3 Rc4 30. Rd3 Rb4+ 31. Kc2 Ra4 32. Kb2 Ra8 33. Rb1 Qe7 34.
a4 h6 35. Qe4 Qe8 36. Ra1 Ra5 37. Qb4 Ra8 38. Kc2 Bf8 39. Qd4 Bg7 40. Qd7 Qb8
41. Qd6 Qa7 42. a5 Qf2+ 43. Kb3 Bf8 44. Qc7 Ra7 45. Qb8 Kg7 46. Rd4 Bc5 47.
Qe5+ f6 48. Qxc5 Qxf3 49. Qxa7+ 1-0

[Event "Madrid ch - Semifinal A"]
[Site "Madrid ESP"]
[Date "2011.01.25"]
[Round "5.1"]
[White "Pastor Alonso De Prado, Emilio A"]
[Black "Gemy, Jose Daniel"]
[Result "1/2-1/2"]
[WhiteElo "2176"]
[BlackElo "2301"]
[PlyCount "58"]
[EventDate "2011.01.17"]
[EventType "swiss"]
[EventRounds "9"]
[EventCountry "ESP"]
[Source "lmi"]
[SourceDate "2011.01.17"]

1. e4 c5 2. c3 d5 3. exd5 Qxd5 4. d4 Nf6 5. Nf3 Bg4 6. Be2 e6 7. h3 Bh5 8. O-O
Nc6 9. Be3 cxd4 10. cxd4 Be7 11. Nc3 Qd6 12. Qd2 O-O 13. Rac1 Rfd8 14. Rfd1 Nd5
15. Ne4 Qb4 16. Qxb4 Ncxb4 17. a3 Nxe3 18. fxe3 Nd5 19. Kf2 Rac8 20. Nc5 Rc7
21. Nd3 Rdc8 22. Rxc7 Rxc7 23. Rc1 Rxc1 24. Nxc1 Bxf3 25. Bxf3 Nxe3 26. Kxe3
Bg5+ 27. Kd3 Bxc1 28. Kc3 Be3 29. Kd3 Bc1 1/2-1/2

[Event "Madrid ch - Semifinal A"]
[Site "Madrid ESP"]
[Date "2011.01.25"]
[Round "5.2"]
[White "Perez Gonzalez, Jose Manuel"]
[Black "Ramirez Garcia, Jorge Alberto"]
[Result "0-1"]
[WhiteElo "2279"]
[BlackElo "2255"]
[PlyCount "66"]
[EventDate "2011.01.17"]
[EventType "swiss"]
[EventRounds "9"]
[EventCountry "ESP"]
[Source "lmi"]
[SourceDate "2011.01.17"]

1. e4 c6 2. d4 d5 3. e5 Bf5 4. Nc3 e6 5. g4 Bg6 6. Nge2 c5 7. Be3 Nc6 8. dxc5
Nxe5 9. Nd4 Nd7 10. c6 bxc6 11. Nxc6 Qc7 12. Bb5 a6 13. Ba4 Bd6 14. h4 h5 15.
g5 Ne7 16. Nxe7 Kxe7 17. Bxd7 Kxd7 18. O-O Rab8 19. f4 Rxb2 20. Qd4 Rxc2 21.
Rac1 Rc8 22. Na4 Ke8 23. Qxg7 Bxf4 24. Rxf4 Rxc1+ 25. Kf2 Qc2+ 26. Kg3 Re1 27.
Qh8+ Ke7 28. Qe5 Rxe3+ 29. Qxe3 Qd3 30. Qxd3 Bxd3 31. Rb4 Bb5 32. Nb2 Rc3+ 33.
Kg2 Ra3 0-1

[Event "Madrid ch - Semifinal A"]
[Site "Madrid ESP"]
[Date "2011.01.25"]
[Round "5.3"]
[White "De La Fuente Gonzalez, Francisco"]
[Black "Cortes Jurado, Rafael"]
[Result "1-0"]
[WhiteElo "2230"]
[BlackElo "2081"]
[PlyCount "57"]
[EventDate "2011.01.17"]
[EventType "swiss"]
[EventRounds "9"]
[EventCountry "ESP"]
[Source "lmi"]
[SourceDate "2011.01.17"]

1. c4 e5 2. g3 Nf6 3. Bg2 Nc6 4. Nc3 Bb4 5. Nd5 Bc5 6. e3 d6 7. Ne2 Nxd5 8.
cxd5 Ne7 9. b4 Bb6 10. O-O Bd7 11. d4 Ng6 12. Bb2 Qc8 13. a4 a5 14. bxa5 Bxa5
15. dxe5 dxe5 16. Qb3 h5 17. f4 h4 18. fxe5 hxg3 19. Nxg3 Bh3 20. e6 Bxg2 21.
Kxg2 fxe6 22. dxe6 Qd8 23. Qb5+ c6 24. Qxb7 Qd2+ 25. Rf2 Nh4+ 26. Kh1 Qxf2 27.
Qd7+ Kf8 28. Rf1 Qxf1+ 29. Nxf1 1-0

[Event "Madrid ch - Semifinal A"]
[Site "Madrid ESP"]
[Date "2011.01.25"]
[Round "5.4"]
[White "Cabanas Bravo, Juan Andres"]
[Black "Rodriguez De Castro, Ayar"]
[Result "1-0"]
[WhiteElo "2059"]
[BlackElo "2103"]
[PlyCount "69"]
[EventDate "2011.01.17"]
[EventType "swiss"]
[EventRounds "9"]
[EventCountry "ESP"]
[Source "lmi"]
[SourceDate "2011.01.17"]

1. e4 d6 2. f4 d5 3. exd5 Qxd5 4. Nc3 Qd8 5. Bc4 Nf6 6. Nf3 c6 7. Ne5 e6 8. O-O
Qd4+ 9. Kh1 Nbd7 10. Ne2 Qd6 11. d4 b5 12. Bd3 Bb7 13. c3 Be7 14. Ng3 a6 15.
Be3 Nd5 16. Ne4 Qc7 17. Bg1 g6 18. Qf3 Rc8 19. Qh3 f5 20. Nxg6 fxe4 21. Nxh8
N7f6 22. Bc2 Bf8 23. Qxe6+ Qe7 24. f5 Nc7 25. Qxe7+ Kxe7 26. Rae1 c5 27. dxc5
Bg7 28. Ng6+ hxg6 29. fxg6 Ne6 30. b4 Rd8 31. Rd1 Rh8 32. Rd6 Rh6 33. Bb3 Ng4
34. Rf4 Rxg6 35. Rxe4 1-0

[Event "Madrid ch - Semifinal A"]
[Site "Madrid ESP"]
[Date "2011.01.25"]
[Round "5.6"]
[White "Alvarez Abejon, Amilcar"]
[Black "Baeza Escudero, Javier"]
[Result "0-1"]
[WhiteElo "2094"]
[BlackElo "1984"]
[PlyCount "78"]
[EventDate "2011.01.17"]
[EventType "swiss"]
[EventRounds "9"]
[EventCountry "ESP"]
[Source "lmi"]
[SourceDate "2011.01.17"]

1. d4 d5 2. c4 e6 3. Nc3 Nf6 4. Bg5 Be7 5. e3 O-O 6. Nf3 h6 7. Bxf6 Bxf6 8. Rc1
c6 9. Bd3 Nd7 10. O-O dxc4 11. Bxc4 e5 12. Bb3 exd4 13. exd4 Nb6 14. h3 Bf5 15.
Re1 Re8 16. Rxe8+ Qxe8 17. Qd2 Qd7 18. Re1 Re8 19. Rxe8+ Qxe8 20. Qf4 Qd7 21.
Ne5 Bxe5 22. Qxe5 a6 23. Qc5 Nc8 24. d5 Nd6 25. Ba4 Nb5 26. Bxb5 axb5 27. d6 b6
28. Qd4 Qe6 29. g4 Qe1+ 30. Kg2 Bd7 31. Qxb6 Qe6 32. Qd4 f5 33. a4 bxa4 34.
Nxa4 c5 35. Nxc5 Bc6+ 36. Kh2 Qe1 37. gxf5 Qh1+ 38. Kg3 Qg1+ 39. Kf4 Qg5+ 0-1

[Event "Madrid ch - Semifinal A"]
[Site "Madrid ESP"]
[Date "2011.01.25"]
[Round "5.7"]
[White "Rojas Pozo, Jose Luis"]
[Black "Spitzer Isbert, Ramon"]
[Result "0-1"]
[WhiteElo "1946"]
[BlackElo "2082"]
[PlyCount "128"]
[EventDate "2011.01.17"]
[EventType "swiss"]
[EventRounds "9"]
[EventCountry "ESP"]
[Source "lmi"]
[SourceDate "2011.01.17"]

1. Nf3 c5 2. c4 Nc6 3. Nc3 g6 4. g3 Bg7 5. Bg2 d6 6. a3 e5 7. d3 Nge7 8. Bg5 h6
9. Bxe7 Nxe7 10. Rb1 f5 11. Nd2 O-O 12. Nd5 Be6 13. Nxe7+ Qxe7 14. b4 Rab8 15.
bxc5 dxc5 16. O-O b6 17. a4 Rfd8 18. Qc2 Bf6 19. Ra1 Kg7 20. Nb1 Qd7 21. Nc3
Qc8 22. Nd5 Bxd5 23. Bxd5 Qa6 24. e4 f4 25. f3 fxg3 26. hxg3 Rd6 27. Rae1 Re8
28. Kg2 Qc8 29. Qa2 Bg5 30. Qe2 Rf6 31. Ra1 a5 32. Rab1 Qd8 33. Rb5 Ref8 34.
Rb2 h5 35. Rbb1 h4 36. g4 Rd6 37. Rh1 Qf6 38. Rh3 Bf4 39. Rf1 Qg5 40. Rfh1 Bg3
41. Rf1 Rdf6 42. Rhh1 Qf4 43. Bb7 Qg5 44. Bd5 Rd6 45. Rh3 Rf4 46. Rhh1 Qe7 47.
Qc2 Rdf6 48. Qd1 Qe8 49. Rh3 Qh8 50. Bb7 Rd6 51. Bd5 Qh6 52. Qe2 Rf8 53. Rb1
Bf4 54. Rbh1 Rh8 55. Rb1 Qg5 56. Rb5 Bd2 57. Rb2 Bc3 58. Rb1 Bd4 59. Rbh1 Rf6
60. Rf1 Rhf8 61. Bb7 Rf4 62. Rhh1 Rxf3 63. Qxf3 Rxf3 64. Kxf3 Qe3+ 0-1

[Event "Madrid ch - Semifinal A"]
[Site "Madrid ESP"]
[Date "2011.01.25"]
[Round "5.8"]
[White "Lorenzo Bailador, Alfredo"]
[Black "Garcia Ruido, Ricardo"]
[Result "0-1"]
[WhiteElo "2018"]
[BlackElo "2067"]
[PlyCount "50"]
[EventDate "2011.01.17"]
[EventType "swiss"]
[EventRounds "9"]
[EventCountry "ESP"]
[Source "lmi"]
[SourceDate "2011.01.17"]

1. e4 c5 2. c3 Nf6 3. e5 Nd5 4. d4 cxd4 5. Nf3 e6 6. cxd4 b6 7. Bc4 Bb7 8. Bxd5
Bxd5 9. Nc3 Bxf3 10. Qxf3 Nc6 11. Qg4 f5 12. exf6 Qxf6 13. Be3 d5 14. O-O O-O-O
15. Rfe1 h6 16. Rac1 Kb7 17. a3 Bd6 18. Rc2 Bb8 19. Rec1 Rc8 20. b4 Rhd8 21.
Ne2 Rf8 22. g3 Bd6 23. Kg2 Qf7 24. Bf4 h5 25. Qg5 Be7 0-1